000 01001namaa2200313 i 4500
003 EG-GICUC
005 20260104121417.0
008 260104s2001 nyu||||gr|||| 000 0 eng d
020 _a0970030819
020 _a9780970030818
040 _aEG-GiCUC
_beng
_cEG-GiCUC
_dEG-GiCUC
_erda
082 0 4 _221
_a335.437
_bG6199
092 0 4 _221
_a335.437
_bG6199
099 _a335.437 G6199
100 1 _aGoldner, Loren
_eAuthor.
245 1 0 _aVanguard of retrogression :
_b"postmodern" fictions as ideology in the era of fictitious capital /
_cLoren Goldner.
264 _aNew York, N.Y. :
_bQueequeg Publications,
_c[2001?]
300 _a131 pages ;
_c22 cm.
336 _2rdacontent
_atext
337 _2rdamedia
_aUnmediated
338 _2rdacarrier
_avolume
504 _a.
541 _aDr. Jabir Usfour ;
_bCairo ;
_cGift ;
_d2024.
650 1 _aCommunism and society.
_2qrmak
650 1 _aPostmodernism
_xSocial aspects.
651 1 _2qrmak
905 _aAsmaa
942 _2ddc
_cBK
_e21
_n0
999 _c177372
_d177372